01398 a2200205 45000010006000000050017000060080041000230030015000640400040000790800073001192450040001920200022002322500011002542640034002653000018002995050694003171000031010117000020010428560130010622334520260407155522.0260407a2009 arg spa dAR-UNSa-BCEJYS aAR-UNSa-BCEJYSbspacAR-UNSa-BCEJYS a657.3xPresupuestos. Cierre de Cuentas. Balances (Estados Contables)10aPresentación de estados contables a978-987-01-0956-3 a2a. ed 1aBuenos Aires :bErreparc2009 a194 p.c27 cm a1. Normas contables - 2. Normas generales de exposición contable. Resolución técnica Nº 8 - 3. Normas particulares de exposición contable para entes comerciales, industriales y de servicio. Resolución técnica Nº 9 - 4. Normas particulares de exposición contable para entes sin fines de lucro. Resolución técnica Nº 11 - 5. Normas particulares de exposición contable para entes cooperativos. Resolución técnica Nº 24 - 6. Las Normas internacionales de contabilidad - 7. El estado de flujo de efectivo - 8. Información comparativa - 9. Información por segmentos - 10. Análisis de estados contables - 11. La resolución 6/2006 de la IGJ y la memoria anual. 1 aPaulone, Héctor Mauricio1 aVeiras, Alberto41uhttps://biblioeco.unsa.edu.ar/pmb/images/libros/Presentacion de estados contables2-l117845.jpgyImagen de portadaqimage/jpeg